[Event "Roncana op-A 13th"]
[Site "Santa Eulalia de Roncana"]
[Date "2019.11.30"]
[Round "8"]
[White "Lin, Limin"]
[Black "Filipenko, Yan"]
[Result "0-1"]
[WhiteElo "1870"]
[BlackElo "1412"]
[PlyCount "110"]
[EventDate "2019.09.28"]
[EventType "swiss"]
[EventRounds "8"]
[EventCountry "ESP"]
[SourceTitle "CBM 193 Extra"]
[Source "ChessBase"]
[SourceDate "2020.01.31"]
[SourceVersion "1"]
[SourceVersionDate "2020.01.31"]
[SourceQuality "1"]

1. d4 e6 2. Bf4 c5 3. c3 d5 4. e3 Nc6 5. Nf3 Nf6 6. Nbd2 Be7 7. Ne5 h6 8. Bd3 a6 9. 0-0 Nxe5 10. dxe5 Nd7 11. Qg4 g5 12. Bg3 h5 13. Qf3 h4 14. e4 hxg3 15. Qxg3 Qc7 16. f4 c4 17. Bc2 gxf4 18. Qxf4 Nxe5 19. exd5 Qc5+ 20. Kh1 Qxd5 21. Rad1 Rh4 22. Qg3 Rg4 23. Qf2 Qc5 24. Qe2 f5 25. Rfe1 Ng6 26. h3 Rh4 27. Nf3 Nf4 28. Qd2 Nxh3 29. gxh3 Rxh3+ 30. Kg2 Rh8 31. Re5 Qc6 32. Qe3 Rg8+ 33. Kf2 b6 34. Rg1 Rxg1 35. Kxg1 Bb7 36. Kg2 Qxf3+ 37. Qxf3 Bxf3+ 38. Kxf3 Kf7 39. b3 Kf6 40. Re2 cxb3 41. Bxb3 e5 42. Bd5 Rd8 43. c4 a5 44. a4 Rh8 45. Kg2 Rh4 46. Kf3 Rh3+ 47. Kg2 Ra3 48. Bc6 Bc5 49. Rd2 Rc3 50. Bd5 e4 51. Rd1 Ke5 52. Bf7 Rd3 53. Rh1 f4 54. Rh5+ Kd4 55. Bg6 Rg3+ 0-1

[Event "Roncana op-A 13th"]
[Site "Santa Eulalia de Roncana"]
[Date "2019.10.05"]
[Round "2"]
[White "Rojas Keim, Luis Alberto"]
[Black "Lin, Limin"]
[Result "1-0"]
[WhiteElo "2364"]
[BlackElo "1870"]
[PlyCount "99"]
[EventDate "2019.09.28"]
[EventType "swiss"]
[EventRounds "8"]
[EventCountry "ESP"]
[SourceTitle "CBM 193 Extra"]
[Source "ChessBase"]
[SourceDate "2020.01.31"]
[SourceVersion "1"]
[SourceVersionDate "2020.01.31"]
[SourceQuality "1"]

1. e4 e5 2. Nf3 d6 3. d4 exd4 4. Nxd4 Nf6 5. Nc3 Be7 6. g3 c5 7. Nde2 Nc6 8. Bg2 0-0 9. 0-0 Bg4 10. h3 Be6 11. Be3 Qd7 12. Nf4 Rad8 13. b3 h6 14. Qd2 Nh7 15. Ncd5 Ne5 16. g4 Bh4 17. Nd3 Bxd5 18. exd5 Rfe8 19. Nxe5 Rxe5 20. b4 b6 21. bxc5 bxc5 22. Bf4 Bg5 23. Bxg5 hxg5 24. Rab1 Qa4 25. Rb7 Rde8 26. Qc3 Nf6 27. Qb3 Qa6 28. a4 Ne4 29. Qb5 Qxb5 30. axb5 Nc3 31. Rxa7 Rb8 32. Ra6 Nxd5 33. Rxd6 Nb6 34. Rfd1 Kf8 35. Rd8+ Rxd8 36. Rxd8+ Ke7 37. Rb8 Re6 38. Bc6 Nc4 39. Rb7+ Kf6 40. Bd5 Re1+ 41. Kg2 Nd6 42. Rb8 Ke5 43. Bxf7 Rb1 44. Be8 Rb2 45. Bc6 Rxc2 46. Rg8 Kf6 47. b6 Rb2 48. b7 Rxb7 49. Bxb7 Nxb7 50. Rc8 1-0

[Event "Roncana op-A 13th"]
[Site "Santa Eulalia de Roncana"]
[Date "2019.09.28"]
[Round "1"]
[White "Lin, Limin"]
[Black "Barea Serra, Josep"]
[Result "1-0"]
[WhiteElo "1870"]
[BlackElo "1638"]
[PlyCount "101"]
[EventDate "2019.09.28"]
[EventType "swiss"]
[EventRounds "8"]
[EventCountry "ESP"]
[SourceTitle "CBM 193 Extra"]
[Source "ChessBase"]
[SourceDate "2020.01.31"]
[SourceVersion "1"]
[SourceVersionDate "2020.01.31"]
[SourceQuality "1"]

1. d4 Nf6 2. Bf4 d6 3. Nf3 g6 4. Nc3 Bg7 5. Qd2 0-0 6. Bh6 Nbd7 7. h4 e5 8. h5 exd4 9. Nxd4 Ng4 10. Bxg7 Kxg7 11. hxg6 hxg6 12. f3 Rh8 13. Rxh8 Qxh8 14. fxg4 Qh4+ 15. Kd1 Qf2 16. Nf5+ gxf5 17. Qg5+ Kf8 18. Qxf5 Qd4+ 19. Qd3 Qxg4 20. Qe4 Ne5 21. Qxg4 Bxg4 22. Nb5 c6 23. Nd4 Nc4 24. b3 Ne3+ 25. Kd2 Re8 26. Nf3 Kg7 27. Rc1 f5 28. Ke1 f4 29. Kf2 Kf6 30. g3 fxg3+ 31. Kxg3 Bf5 32. Nd4 Rg8+ 33. Kf3 Re8 34. Nxf5 Nxf5 35. e4 Nd4+ 36. Ke3 Nf5+ 37. Kf4 Nd4 38. Bc4 d5 39. exd5 cxd5 40. Bd3 Ne6+ 41. Ke3 Nc5+ 42. Kd4 Nxd3 43. cxd3 Ke6 44. Re1+ Kd7 45. Rxe8 Kxe8 46. Kxd5 Kd7 47. b4 b6 48. b5 Kc7 49. Ke6 a6 50. bxa6 b5 51. d4 1-0

[Event "Llinars del Valles op-A 13th"]
[Site "Llinars del Valles"]
[Date "2019.03.30"]
[Round "1"]
[White "Salinas Tomas, Daniel"]
[Black "Lin, Limin"]
[Result "1-0"]
[WhiteElo "1674"]
[BlackElo "1906"]
[PlyCount "99"]
[EventDate "2019.03.30"]
[EventType "swiss"]
[EventRounds "8"]
[EventCountry "ESP"]
[SourceTitle "EXT 2020"]
[Source "ChessBase"]
[SourceDate "2019.10.17"]
[SourceVersion "1"]
[SourceVersionDate "2019.10.17"]
[SourceQuality "1"]

1. e4 e5 2. Nf3 d6 3. d4 exd4 4. Nxd4 Nf6 5. Nc3 Be7 6. Bf4 0-0 7. Qd2 Nc6 8. 0-0-0 Ne5 9. Be2 Nfg4 10. Bxg4 Bxg4 11. f3 Bd7 12. Kb1 c6 13. Bxe5 dxe5 14. Nf5 Bxf5 15. exf5 Qb6 16. Ne4 Rad8 17. Qc3 Rd5 18. Rxd5 cxd5 19. Qxe5 Ba3 20. Nd2 Rd8 21. Nb3 Bb4 22. c3 Bf8 23. Qd4 Qa6 24. Re1 b6 25. Kc2 Qb5 26. Qd3 Qa4 27. Qd4 Qc6 28. Qd3 a5 29. Nd4 Qa4+ 30. Kb1 Rb8 31. Qb5 Qc4 32. Qxc4 dxc4 33. Nb5 Rd8 34. Nd4 Bc5 35. Re4 Kf8 36. Kc2 Rd5 37. g4 Bd6 38. h3 b5 39. Nc6 Rd3 40. Rd4 Rxd4 41. Nxd4 b4 42. Nc6 a4 43. cxb4 Ke8 44. Kc3 Kd7 45. b5 h5 46. Kxc4 Kc7 47. gxh5 Kb6 48. Nd8 Be5 49. Nxf7 Bxb2 50. h6 1-0

[Event "Barcelona Canovelles U2200 op"]
[Site "Barcelona"]
[Date "2018.12.30"]
[Round "7.1"]
[White "Canal Oliveras, Joan"]
[Black "Lin, Limin"]
[Result "1-0"]
[WhiteElo "2169"]
[BlackElo "1874"]
[PlyCount "63"]
[EventDate "2018.12.27"]
[EventType "swiss"]
[EventRounds "8"]
[EventCountry "ESP"]
[SourceTitle "EXT 2024"]
[Source "ChessBase"]
[SourceDate "2023.10.10"]
[SourceVersion "1"]
[SourceVersionDate "2023.10.10"]
[SourceQuality "1"]

1. e4 e5 2. f4 exf4 3. Nf3 d6 4. d4 g5 5. h4 Be7 6. hxg5 Bxg5 7. Nc3 Bg4 8. Bc4 Nc6 9. 0-0 Qd7 10. Bb5 a6 11. Ba4 b5 12. Bb3 f6 13. Nd5 Nge7 14. Bxf4 Nxd5 15. Bxg5 fxg5 16. Bxd5 0-0-0 17. Qd2 h6 18. Nh2 Bh5 19. Rf6 Rde8 20. a4 Nb8 21. axb5 Qxb5 22. c4 Qb6 23. c5 Qa7 24. g4 Nd7 25. Be6 Rxe6 26. Rxe6 Bf7 27. Re7 Bg6 28. cxd6 cxd6 29. Re6 Rg8 30. Rc1+ Kb8 31. Qb4+ Ka8 32. Qxd6 1-0